000 00524nam a2200181Ia 4500
005 20250508153248.0
008 008 250505s9999 xx 000 0 eng d
037 _aTextual
040 _aFEDL
_beng
_cFEDL
041 _aeng
_2eng
084 _a371.1473, RYA
_qFEDL
100 _aRyans David G
_9139395
245 0 _aCharacteristics of teachers
260 _aWashington, USA
_bAmerican Council on Education
_c1962
300 _axxiii,416p.
942 _cTEXL
_h371.1473, RYA
999 _c1341598
_d1341598